Development issues in Hyderabad Karnataka (Record no. 7859)

000 -LEADER
fixed length control field 00339nam a22001337a 4500
003 - CONTROL NUMBER IDENTIFIER
control field OSt
005 - DATE AND TIME OF LATEST TRANSACTION
control field 20200527112459.0
008 - FIXED-LENGTH DATA ELEMENTS--GENERAL INFORMATION
fixed length control field 200527b ||||| |||| 00| 0 eng d
020 ## - INTERNATIONAL STANDARD BOOK NUMBER
International Standard Book Number 9789350742709
082 ## - DEWEY DECIMAL CLASSIFICATION NUMBER
Classification number 338.954
245 ## - TITLE STATEMENT
Title Development issues in Hyderabad Karnataka
260 ## - PUBLICATION, DISTRIBUTION, ETC. (IMPRINT)
Place of publication, distribution, etc New Delhi
Name of publisher, distributor, etc Abhijeet Publications
Date of publication, distribution, etc 2017
942 ## - ADDED ENTRY ELEMENTS (KOHA)
Source of classification or shelving scheme
Holdings
Withdrawn status Lost status Source of classification or shelving scheme Damaged status Koha normalized classification for sorting Not for loan Permanent location Current location Date acquired Full call number Barcode Date last seen Price effective from Koha item type
        338_954000000000000_SAI   BMS College of Architecture, Design and Planning BMS College of Architecture, Design and Planning 2020-05-27 338.954 SAI AR-UG1353 2020-05-27 2020-05-27 UG Books
Copyright © 2025, The Librarian, Library and Information Centre, BMSCA D&P, Bengaluru. All Rights Reserved
web counter

Powered by Koha